[Event "Champions Showdown G5"]
[Site "Saint Louis USA"]
[Date "2017.11.12"]
[Round "1.2"]
[White "Caruana, Fabiano"]
[Black "Grischuk, Alexander"]
[Result "1-0"]
[WhiteTitle "GM"]
[BlackTitle "GM"]
[WhiteElo "2799"]
[BlackElo "2782"]
[WhiteFideId "2020009"]
[BlackFideId "4126025"]
[EventDate "2017.11.12"]

1. e4 c5 2. Nf3 d6 3. d4 cxd4 4. Nxd4 Nf6 5. Nc3 a6 6. h4 Nbd7 7. g4 d5 8. exd5
Nb6 9. g5 Nfxd5 10. Bg2 Nxc3 11. bxc3 Qc7 12. O-O g6 13. Re1 Nc4 14. Qf3 Bg7 15.
Bf4 e5 16. Bg3 O-O 17. Rad1 Bd7 18. Qxb7 Qxb7 19. Bxb7 exd4 20. Bxa8 Rxa8 21.
cxd4 h5 22. Re7 Bg4 23. Rde1 Be6 24. c3 a5 25. Rb1 a4 26. Rb8+ Rxb8 27. Bxb8 Bf8
28. Ra7 a3 29. Bf4 Bd5 30. Rd7 Be6 31. Rd8 Kg7 32. d5 Bf5 33. d6 f6 34. gxf6+
Kf7 35. d7 Bc5 36. Rc8 Bxd7 37. Rxc5 Be6 38. Bg5 Ke8 39. Rc7 Bf7 40. Re7+ Kf8
41. Bh6+ Kg8 42. Ra7 Ne5 43. Ra8+ Kh7 44. Bg7 g5 45. hxg5 Bxa2 46. Rxa3 Bf7 47.
f4 Nf3+ 48. Kf2 Nh4 49. Ra7 Kg6 50. Rc7 Nf5 51. c4 h4 52. c5 Bd5 53. Rd7 Bc6 54.
Rc7 Bd5 55. c6 h3 56. Kg1 Ne3 57. Kh2 Bg2 58. Bf8 Ng4+ 59. Kg3 Bf1 60. Rg7+ Kf5
61. Rh7 h2 62. Rxh2 Nxh2 63. Kxh2 Ke6 64. c7 1-0

[Event "Champions Showdown G5"]
[Site "Saint Louis USA"]
[Date "2017.11.12"]
[Round "1.3"]
[White "So, Wesley"]
[Black "Dominguez Perez, Leinier"]
[Result "1-0"]
[WhiteTitle "GM"]
[BlackTitle "GM"]
[WhiteElo "2788"]
[BlackElo "2739"]
[WhiteFideId "5202213"]
[BlackFideId "3503240"]
[EventDate "2017.11.12"]

1. b3 d5 2. Bb2 e6 3. Nf3 Nf6 4. g3 Be7 5. Bg2 O-O 6. c4 c5 7. O-O Nc6 8. e3 b6
9. Nc3 Bb7 10. cxd5 Nxd5 11. Nxd5 Qxd5 12. d4 Qf5 13. Ne5 Nxe5 14. Bxb7 Rad8 15.
Qe2 Qd3 16. Rae1 Qxe2 17. Rxe2 Nd3 18. Ba1 cxd4 19. Bxd4 Bf6 20. Bxf6 gxf6 21.
Rc2 Rd7 22. Rd1 Rfd8 23. Rc8 Rxc8 24. Bxc8 Rc7 25. Bxe6 Nb4 26. a3 Nc2 27. Bf5
Nxa3 28. Rd4 h6 29. Bd3 Nc2 30. Rf4 Kg7 31. Kf1 a5 32. Ke2 Nb4 33. Bc4 Rc5 34.
Rg4+ Kf8 35. Rd4 b5 36. Bd3 Nxd3 37. Kxd3 Rc1 38. Rh4 Kg7 39. Rg4+ Kf8 40. Rh4
Kg7 41. Rh5 a4 42. Rxb5 axb3 43. Rxb3 Rh1 44. h4 Rf1 45. Ke2 Rc1 46. Rb4 Rc2+
47. Kf3 Ra2 48. Rg4+ Kf8 49. Rf4 Kg7 50. Rg4+ Kf8 51. Rd4 Kg7 52. Rd5 Ra3 53.
Kf4 Ra4+ 54. e4 Ra2 55. f3 Ra3 56. g4 Rb3 57. Rc5 Ra3 58. Rf5 Rb3 59. Rd5 Ra3
60. Rd2 Rb3 61. Ra2 Rc3 62. Rf2 Rb3 63. Kf5 Rb5+ 64. Kf4 Rb3 65. Rf1 Rb4 66. Rg1
Rb3 67. Ra1 Rc3 68. Ra5 Rb3 69. Rf5 Rc3 70. g5 hxg5+ 71. hxg5 fxg5+ 72. Kxg5 Rb3
73. Rf6 Rb4 74. Rf5 Rb3 75. Kf4 Rb2 76. Rg5+ Kf8 77. Ra5 Kg7 78. Rg5+ Kf8 79.
Rh5 Kg7 80. e5 Rb4+ 81. Kf5 Rb3 82. f4 Rb1 83. Rg5+ Kf8 84. Kf6 Rb6+ 85. Kf5 Ke7
86. Rg8 Rb1 87. Ra8 Rc1 88. Ra7+ Kf8 89. Rd7 Kg7 90. Kg5 Rg1+ 91. Kf5 Re1 92.
Rd6 Kf8 93. Kf6 Ke8 94. Ra6 Rf1 95. f5 Rf2 96. Ra8+ Kd7 97. Ra7+ Ke8 98. Re7+
Kd8 99. Rxf7 1-0

[Event "Champions Showdown G5"]
[Site "Saint Louis USA"]
[Date "2017.11.12"]
[Round "2.2"]
[White "Grischuk, Alexander"]
[Black "Caruana, Fabiano"]
[Result "1/2-1/2"]
[WhiteTitle "GM"]
[BlackTitle "GM"]
[WhiteElo "2782"]
[BlackElo "2799"]
[WhiteFideId "4126025"]
[BlackFideId "2020009"]
[EventDate "2017.11.12"]

1. d4 Nf6 2. Nf3 e6 3. c4 d5 4. g3 Bb4+ 5. Bd2 Bd6 6. Bg2 O-O 7. O-O Nbd7 8. b3
Ne4 9. Bc1 c6 10. Ba3 Bxa3 11. Nxa3 b6 12. Nd2 Ndf6 13. Nxe4 Nxe4 14. Qd3 f5 15.
Rac1 Bb7 16. Nb1 Qe7 17. Nd2 a5 18. Nf3 c5 19. e3 Rfd8 20. Ne5 a4 21. Rfd1 axb3
22. Qxb3 dxc4 23. Qxb6 c3 24. dxc5 Rxd1+ 25. Rxd1 Bd5 26. c6 c2 27. Rc1 Qd6 28.
Qb7 Rf8 29. Qb2 Rb8 30. c7 Qxc7 31. Rxc2 Rxb2 32. Rxc7 Rb1+ 33. Bf1 h6 34. Nd3
Bxa2 35. Rc1 Rb8 36. Bg2 Rd8 37. Nf4 g5 38. Ng6 Kg7 39. Ne5 Kf6 40. f4 gxf4 41.
exf4 Nd6 42. Rc7 Rc8 43. Rxc8 Nxc8 44. Kf2 Nd6 45. Ke3 Bd5 46. Bf1 Ne4 47. Kd4
Nf2 48. Nd7+ Ke7 49. Nb6 Be4 50. Nc8+ Kf6 51. Nd6 Bc6 52. Nc4 Ng4 53. h3 Nf2 54.
Ke3 Ne4 55. g4 fxg4 56. hxg4 Bd5 57. Ne5 Nd6 58. Bd3 Nf7 59. Nxf7 Kxf7 1/2-1/2

[Event "Champions Showdown G5"]
[Site "Saint Louis USA"]
[Date "2017.11.12"]
[Round "2.3"]
[White "Dominguez Perez, Leinier"]
[Black "So, Wesley"]
[Result "0-1"]
[WhiteTitle "GM"]
[BlackTitle "GM"]
[WhiteElo "2739"]
[BlackElo "2788"]
[WhiteFideId "3503240"]
[BlackFideId "5202213"]
[EventDate "2017.11.12"]

1. d4 Nf6 2. Nf3 d5 3. e3 e6 4. Nbd2 b6 5. Bd3 Bb7 6. O-O Bd6 7. b3 O-O 8. Bb2
c5 9. dxc5 Bxc5 10. Qe2 Nbd7 11. c4 Qe7 12. a3 e5 13. Bf5 e4 14. Nd4 Ne5 15. Bh3
g6 16. b4 Bd6 17. Nb5 Bb8 18. cxd5 Bxd5 19. Bd4 Nc6 20. Rac1 Nxd4 21. Nxd4 Be5
22. Nc4 Bxd4 23. exd4 Rad8 24. Ne5 Bb7 25. Qe3 Nd5 26. Qg3 Qd6 27. Qh4 f6 28.
Nc4 Qf4 29. Be6+ Kg7 30. Qh3 Ne7 31. Ne3 Rxd4 32. Ba2 Bc8 33. Be6 Bb7 34. Rfe1
Rfd8 35. Rf1 h5 36. g3 Qe5 37. Ba2 Bc8 38. Qg2 Bg4 39. Nxg4 hxg4 40. Rfe1 Nf5
41. Bb1 Re8 42. Rc2 Qd6 43. Rce2 Rd1 44. Bxe4 Nd4 45. Re3 Nf3+ 46. Bxf3 Rxe1+ 0-1

[Event "Champions Showdown G5"]
[Site "Saint Louis USA"]
[Date "2017.11.12"]
[Round "3.2"]
[White "Caruana, Fabiano"]
[Black "Grischuk, Alexander"]
[Result "1-0"]
[WhiteTitle "GM"]
[BlackTitle "GM"]
[WhiteElo "2799"]
[BlackElo "2782"]
[WhiteFideId "2020009"]
[BlackFideId "4126025"]
[EventDate "2017.11.12"]

1. e4 c5 2. Nc3 d6 3. Nge2 Nf6 4. g3 g6 5. Bg2 Bg7 6. d3 Nc6 7. O-O Rb8 8. a3
O-O 9. Rb1 Ne8 10. b4 Nc7 11. Be3 Nd4 12. Qd2 e5 13. bxc5 dxc5 14. Nd5 Nxd5 15.
exd5 Bg4 16. Nxd4 cxd4 17. Bg5 Bf6 18. Bxf6 Qxf6 19. f4 Rfc8 20. Rbe1 e4 21.
dxe4 Rc3 22. f5 Rbc8 23. e5 Qb6 24. f6 Kh8 25. Qh6 Rg8 26. e6 1-0

[Event "Champions Showdown G5"]
[Site "Saint Louis USA"]
[Date "2017.11.12"]
[Round "3.3"]
[White "So, Wesley"]
[Black "Dominguez Perez, Leinier"]
[Result "1/2-1/2"]
[WhiteTitle "GM"]
[BlackTitle "GM"]
[WhiteElo "2788"]
[BlackElo "2739"]
[WhiteFideId "5202213"]
[BlackFideId "3503240"]
[EventDate "2017.11.12"]

1. b3 d5 2. Bb2 e6 3. Nf3 Nf6 4. g3 Be7 5. Bg2 O-O 6. c4 c5 7. O-O Nc6 8. cxd5
Nxd5 9. d4 cxd4 10. Nxd4 Bd7 11. Nc3 Nxc3 12. Bxc3 Rc8 13. Rc1 Nxd4 14. Bxd4 b6
15. Qd2 Rxc1 16. Rxc1 Bb5 17. Qc3 f6 18. Bf3 Ba3 19. Rc2 Qd6 20. Be3 Bb4 21. Qc7
Qxc7 22. Rxc7 Rf7 23. Rc8+ Rf8 24. Rc7 Rf7 25. Rc8+ Rf8 26. Rc2 Rd8 27. a4 Be8
28. Kg2 Kf8 29. Be4 h6 30. Bd3 Bd6 31. f4 Bd7 32. Kf3 Rc8 33. Rxc8+ Bxc8 34. Bd4
f5 35. e4 Bb7 36. Ke3 g6 37. h3 h5 38. Bc4 Ke7 39. Bd3 Bb4 40. Be5 Bc5+ 41. Bd4
Bb4 42. Be5 Bc5+ 43. Bd4 Bb4 1/2-1/2

[Event "Champions Showdown G5"]
[Site "Saint Louis USA"]
[Date "2017.11.12"]
[Round "4.2"]
[White "Grischuk, Alexander"]
[Black "Caruana, Fabiano"]
[Result "1-0"]
[WhiteTitle "GM"]
[BlackTitle "GM"]
[WhiteElo "2782"]
[BlackElo "2799"]
[WhiteFideId "4126025"]
[BlackFideId "2020009"]
[EventDate "2017.11.12"]

1. d4 d5 2. c4 e6 3. Nf3 Nf6 4. g3 Bb4+ 5. Bd2 Bd6 6. Bg2 O-O 7. O-O Nbd7 8. b3
Ne4 9. Nc3 c6 10. Nxe4 dxe4 11. Ng5 Nf6 12. Nxe4 Nxe4 13. Bxe4 e5 14. Bc3 Qe7
15. Qd3 f5 16. dxe5 Bxe5 17. Bd5+ Kh8 18. Qe3 Bf6 19. Qxe7 Bxe7 20. Bf3 Be6 21.
e3 a5 22. a4 Kg8 23. Rfd1 Kf7 24. h4 Ra6 25. Rd3 Bf6 26. Bd4 Rd8 27. Rad1 Raa8
28. Bb6 Rxd3 29. Rxd3 Ra6 30. Bc7 Ra8 31. Kf1 Be7 32. Ke2 Bb4 33. Rd8 Rxd8 34.
Bxd8 Ke8 35. Bc7 g6 36. e4 Kd7 37. Bf4 Bc5 38. Bd2 b6 39. Be3 Bxe3 40. Kxe3 Kd6
41. exf5 Bxf5 42. Be4 Be6 43. Kd4 c5+ 44. Ke3 Ke5 45. f4+ Kf6 46. Kf3 h6 47. g4
g5 48. fxg5+ hxg5 49. h5 Bd7 50. h6 Bc8 51. Bf5 Bb7+ 52. Ke3 Bg2 53. Be4 Bf1 54.
Kf2 Bh3 55. Bf3 Kg6 56. Be2 Kxh6 57. Kg3 1-0

[Event "Champions Showdown G5"]
[Site "Saint Louis USA"]
[Date "2017.11.12"]
[Round "4.3"]
[White "Dominguez Perez, Leinier"]
[Black "So, Wesley"]
[Result "0-1"]
[WhiteTitle "GM"]
[BlackTitle "GM"]
[WhiteElo "2739"]
[BlackElo "2788"]
[WhiteFideId "3503240"]
[BlackFideId "5202213"]
[EventDate "2017.11.12"]

1. d4 Nf6 2. Nf3 d5 3. e3 e6 4. Bd3 b6 5. O-O Bb7 6. b3 Bd6 7. c4 O-O 8. cxd5
exd5 9. Ba3 c5 10. Nc3 Nbd7 11. Rc1 Re8 12. Bf5 Bf8 13. dxc5 Nxc5 14. Bb2 g6 15.
Bh3 Ba6 16. Ne2 Nd3 17. Bxf6 Qxf6 18. Rc2 Nb4 19. Rd2 Rad8 20. Nfd4 Nc6 21. Nxc6
Qxc6 22. Qb1 Qf6 23. Rfd1 Bb4 24. Rc2 Bxe2 25. Rxe2 d4 26. g3 dxe3 27. Rxe3 Rxe3
28. Rxd8+ Qxd8 29. fxe3 Qd2 30. e4 h5 31. Bg2 h4 32. gxh4 Qf4 33. h3 Bd6 34. Qd1
Qh2+ 35. Kf1 Qf4+ 36. Kg1 Qh2+ 37. Kf1 Bc5 38. Qf3 Qg1+ 39. Ke2 Qa1 40. a4 Qb2+
41. Kf1 Qc1+ 42. Ke2 Qc2+ 43. Kf1 Bb4 44. Kg1 Qc1+ 45. Qf1 Qe3+ 46. Qf2 Qxb3 47.
Qf3 Bc5+ 48. Kh2 Bd6+ 49. Kh1 Qxa4 50. Qf6 Qd1+ 51. Bf1 Qd2 52. e5 Qd5+ 53. Bg2
Qxe5 54. Qxe5 Bxe5 55. h5 gxh5 0-1

[Event "Champions Showdown G5"]
[Site "Saint Louis USA"]
[Date "2017.11.12"]
[Round "5.2"]
[White "Caruana, Fabiano"]
[Black "Grischuk, Alexander"]
[Result "1/2-1/2"]
[WhiteTitle "GM"]
[BlackTitle "GM"]
[WhiteElo "2799"]
[BlackElo "2782"]
[WhiteFideId "2020009"]
[BlackFideId "4126025"]
[EventDate "2017.11.12"]

1. e4 c5 2. Nc3 Nc6 3. Bb5 Nd4 4. Nf3 g6 5. Bc4 Bg7 6. O-O d6 7. d3 Nf6 8. Nxd4
cxd4 9. Ne2 Nd7 10. f4 O-O 11. Qe1 Rb8 12. a4 Nc5 13. Qf2 Bd7 14. b3 b6 15. Bb2
a6 16. Bxd4 b5 17. axb5 axb5 18. Bxg7 Kxg7 19. Bd5 e6 20. b4 exd5 21. bxc5 dxe4
22. dxe4 dxc5 23. Qxc5 Qb6 24. Qxb6 Rxb6 25. Nd4 Rc8 26. Ra7 Be8 27. f5 Rc4 28.
Ne6+ Kh6 29. Nc7 Rxe4 30. Nxe8 Rxe8 31. Rxf7 Rc6 32. fxg6 hxg6 33. R7f2 Rec8 34.
Rb1 Rxc2 35. Rxc2 Rxc2 36. Rxb5 1/2-1/2

[Event "Champions Showdown G5"]
[Site "Saint Louis USA"]
[Date "2017.11.12"]
[Round "5.3"]
[White "So, Wesley"]
[Black "Dominguez Perez, Leinier"]
[Result "1-0"]
[WhiteTitle "GM"]
[BlackTitle "GM"]
[WhiteElo "2788"]
[BlackElo "2739"]
[WhiteFideId "5202213"]
[BlackFideId "3503240"]
[EventDate "2017.11.12"]

1. d4 d5 2. Nf3 Nf6 3. Bf4 e6 4. e3 c5 5. Nbd2 Nc6 6. c3 Nh5 7. Bg5 f6 8. Bh4 g6
9. Bd3 Be7 10. O-O b6 11. Re1 O-O 12. e4 Bb7 13. exd5 exd5 14. Nf1 cxd4 15. Nxd4
Nxd4 16. cxd4 Bb4 17. Re3 Qd7 18. Qb3 Bd6 19. Rae1 Nf4 20. Bg3 Rf7 21. Bb5 Qf5
22. Rf3 g5 23. Bd3 Qd7 24. Bb5 Qf5 25. Ne3 Qe4 26. Qd1 Qg6 27. Ba4 Kh8 28. Bb3
Rg7 29. Bc2 Qh5 30. Nf5 Rd7 31. Nxd6 Rxd6 32. Re7 Kg8 1-0

[Event "Champions Showdown G5"]
[Site "Saint Louis USA"]
[Date "2017.11.12"]
[Round "6.2"]
[White "Grischuk, Alexander"]
[Black "Caruana, Fabiano"]
[Result "0-1"]
[WhiteTitle "GM"]
[BlackTitle "GM"]
[WhiteElo "2782"]
[BlackElo "2799"]
[WhiteFideId "4126025"]
[BlackFideId "2020009"]
[EventDate "2017.11.12"]

1. d4 d5 2. c4 e6 3. Nf3 Nf6 4. g3 Bb4+ 5. Bd2 Bd6 6. Bg2 O-O 7. O-O Nbd7 8. b3
b6 9. Nc3 Bb7 10. cxd5 exd5 11. Nb5 Be7 12. Bf4 Ne8 13. Qc2 c6 14. Nc3 Nef6 15.
Rad1 Re8 16. Ne5 Bb4 17. e3 Nf8 18. Nd3 Be7 19. b4 Ng6 20. Qb3 Rc8 21. Rc1 Bf8
22. Rfd1 Nxf4 23. Nxf4 Bd6 24. Nd3 Ne4 25. a4 Qf6 26. b5 Nxc3 27. Rxc3 c5 28.
Ne1 c4 29. Qb1 h5 30. Nf3 Rc7 31. h4 Bc8 32. Ng5 Bf5 33. e4 dxe4 34. Bxe4 Bg4
35. Rd2 g6 36. Re3 Rce7 37. Qc2 Bb4 38. Rde2 Bxe2 39. Rxe2 Qxd4 40. Kg2 Kg7 41.
Nf3 Qc3 42. Qb1 Qb3 43. Qa1+ Bc3 0-1

[Event "Champions Showdown G5"]
[Site "Saint Louis USA"]
[Date "2017.11.12"]
[Round "6.3"]
[White "Dominguez Perez, Leinier"]
[Black "So, Wesley"]
[Result "1/2-1/2"]
[WhiteTitle "GM"]
[BlackTitle "GM"]
[WhiteElo "2739"]
[BlackElo "2788"]
[WhiteFideId "3503240"]
[BlackFideId "5202213"]
[EventDate "2017.11.12"]

1. e4 e6 2. d4 d5 3. Nc3 Bb4 4. e5 c5 5. a3 Bxc3+ 6. bxc3 Ne7 7. h4 Qc7 8. h5 h6
9. Rb1 b6 10. Qg4 Kf8 11. Bd3 Ba6 12. Bd2 Bxd3 13. cxd3 cxd4 14. cxd4 Qc2 15.
Rc1 Qxd3 16. Rh3 Qe4+ 17. Qxe4 dxe4 18. Ne2 Ke8 19. Nc3 Nbc6 20. Nxe4 Kd7 21.
Nd6 f6 22. Rhc3 fxe5 23. dxe5 Nxe5 24. Rc7+ Kxd6 25. Bb4+ Kd5 26. Rd1+ Ke4 27.
f3+ Kf5 28. Bxe7 Rhc8 29. g4+ Kf4 30. Bd6 Rxc7 31. Bxc7 Rc8 32. Rd7 Ke3 33. Bxe5
Rc1+ 34. Rd1 Rxd1+ 35. Kxd1 Kxf3 36. Bxg7 Kxg4 37. Bxh6 Kxh5 38. Bf4 Kg4 39. Bb8
Kf5 40. Bxa7 Ke4 41. Bxb6 1/2-1/2

[Event "Champions Showdown G5"]
[Site "Saint Louis USA"]
[Date "2017.11.12"]
[Round "7.2"]
[White "Caruana, Fabiano"]
[Black "Grischuk, Alexander"]
[Result "1/2-1/2"]
[WhiteTitle "GM"]
[BlackTitle "GM"]
[WhiteElo "2799"]
[BlackElo "2782"]
[WhiteFideId "2020009"]
[BlackFideId "4126025"]
[EventDate "2017.11.12"]

1. Nf3 Nf6 2. g3 g6 3. Bg2 Bg7 4. O-O O-O 5. c4 c6 6. d4 d5 7. Nbd2 a5 8. b3 a4
9. Ba3 Re8 10. e3 Bf5 11. Qe2 e6 12. h3 Ne4 13. Rfc1 h5 14. Ne5 Nxd2 15. Qxd2
Nd7 16. Nd3 Nf6 17. Qe2 Be4 18. Bf1 Bxd3 19. Qxd3 axb3 20. axb3 Ne4 21. Bg2 f5
22. Bb2 Qg5 23. h4 Qe7 24. Qd1 Bf6 25. Bf3 Kg7 26. Kg2 Qb4 27. Bxe4 fxe4 28. Bc3
Qe7 29. Rxa8 Rxa8 30. Ra1 Qd8 31. Qb1 Kh6 32. Bb4 Rxa1 33. Qxa1 g5 34. hxg5+
Bxg5 35. Qa7 Qf6 36. Qb8 Qf3+ 37. Kg1 Qd1+ 38. Kh2 Qf3 39. Qh8+ Kg6 40. Qg8+ Kf5
41. Qf7+ Kg4 42. Qxe6+ Qf5 43. Qxf5+ Kxf5 44. Kh3 b5 45. cxb5 cxb5 46. Bd6 Bd8
47. Bf4 Be7 48. Be5 Bd8 49. Bf4 1/2-1/2

[Event "Champions Showdown G5"]
[Site "Saint Louis USA"]
[Date "2017.11.12"]
[Round "7.3"]
[White "So, Wesley"]
[Black "Dominguez Perez, Leinier"]
[Result "1-0"]
[WhiteTitle "GM"]
[BlackTitle "GM"]
[WhiteElo "2788"]
[BlackElo "2739"]
[WhiteFideId "5202213"]
[BlackFideId "3503240"]
[EventDate "2017.11.12"]

1. c4 e6 2. Nf3 d5 3. e3 Nf6 4. b3 Be7 5. Bb2 O-O 6. Nc3 dxc4 7. Bxc4 c5 8. O-O
Nc6 9. Rc1 b6 10. Qe2 Bb7 11. Rfd1 Rc8 12. Bd3 Qc7 13. Ne4 Nxe4 14. Bxe4 Nb4 15.
Bb1 Ba6 16. d3 Rfd8 17. a3 Nc6 18. Qc2 f5 19. b4 cxb4 20. axb4 Qd6 21. Qa4 Nxb4
22. Ba3 Rxc1 23. Rxc1 Qd7 24. Qxd7 Rxd7 25. Ne5 Rd5 26. d4 Ra5 27. Bxb4 Bxb4 28.
Nc6 Ba3 29. Rd1 Ra4 30. d5 exd5 31. Bxf5 g6 32. Be6+ Kg7 33. Bxd5 Bc4 34. Bxc4
Rxc4 35. Nxa7 Rc5 36. Rb1 Bb2 37. g3 Rc2 38. Nb5 Kf7 39. Rd1 Ke7 40. Rd6 Be5 41.
Rxb6 Rb2 42. Rb7+ Kf6 43. Nd6 Rxb7 44. Nxb7 Ke6 45. Nc5+ Kd5 46. Nd3 Bd6 47.
Nf4+ 1-0

[Event "Champions Showdown G5"]
[Site "Saint Louis USA"]
[Date "2017.11.12"]
[Round "8.2"]
[White "Grischuk, Alexander"]
[Black "Caruana, Fabiano"]
[Result "0-1"]
[WhiteTitle "GM"]
[BlackTitle "GM"]
[WhiteElo "2782"]
[BlackElo "2799"]
[WhiteFideId "4126025"]
[BlackFideId "2020009"]
[EventDate "2017.11.12"]

1. d4 d5 2. c4 e6 3. Nf3 Nf6 4. g3 Bb4+ 5. Bd2 Bd6 6. Bg2 O-O 7. O-O Nbd7 8. Qb3
c6 9. Nc3 a5 10. a3 Be7 11. Bf4 a4 12. Qa2 b6 13. cxd5 exd5 14. Rac1 Ba6 15.
Rfe1 Bc4 16. Qb1 b5 17. Nd2 Nb6 18. Rcd1 Re8 19. Nxc4 Nxc4 20. e4 dxe4 21. Nxe4
Nd5 22. Bc1 h6 23. Qc2 Bf8 24. Bf1 Ndb6 25. Bg2 Nd5 26. Nc3 Qd7 27. h4 Rxe1+ 28.
Rxe1 Nxc3 29. Qxc3 Rd8 30. Rd1 Be7 31. d5 Bf6 32. Qc2 c5 33. d6 Bd4 34. Bf4 Nxd6
35. b3 axb3 36. Qxb3 Qf5 37. Be3 c4 38. Qb4 Bxe3 39. fxe3 Qf6 40. Kh2 c3 41. Rd5
c2 42. Qd2 Rc8 43. Qc1 Nf5 44. e4 Ne3 45. Rd2 Qc3 46. Re2 Nxg2 47. Rxg2 Qd3 48.
e5 Rc4 49. Rf2 Qd1 50. Rf1 Qxf1 0-1

[Event "Champions Showdown G5"]
[Site "Saint Louis USA"]
[Date "2017.11.12"]
[Round "8.3"]
[White "Dominguez Perez, Leinier"]
[Black "So, Wesley"]
[Result "1-0"]
[WhiteTitle "GM"]
[BlackTitle "GM"]
[WhiteElo "2739"]
[BlackElo "2788"]
[WhiteFideId "3503240"]
[BlackFideId "5202213"]
[EventDate "2017.11.12"]

1. e4 e5 2. Nf3 Nf6 3. Nxe5 d6 4. Nf3 Nxe4 5. Nc3 Nf6 6. d4 Be7 7. Bg5 O-O 8.
Qd2 Bf5 9. O-O-O Nbd7 10. Qf4 Bg6 11. h4 Re8 12. g4 h6 13. Bxf6 Nxf6 14. h5 Bh7
15. g5 hxg5 16. Nxg5 d5 17. Kb1 c6 18. Nxh7 Nxh7 19. Bd3 Nf6 20. Rdg1 Bd6 21.
Qg5 Bf8 22. h6 Ne4 23. Nxe4 dxe4 24. Qf5 Re6 1-0

[Event "Champions Showdown G5"]
[Site "Saint Louis USA"]
[Date "2017.11.12"]
[Round "9.2"]
[White "Caruana, Fabiano"]
[Black "Grischuk, Alexander"]
[Result "1/2-1/2"]
[WhiteTitle "GM"]
[BlackTitle "GM"]
[WhiteElo "2799"]
[BlackElo "2782"]
[WhiteFideId "2020009"]
[BlackFideId "4126025"]
[EventDate "2017.11.12"]

1. Nf3 Nf6 2. g3 g6 3. Bg2 Bg7 4. O-O O-O 5. c4 d6 6. b3 e5 7. Bb2 Re8 8. d3
Nbd7 9. Nbd2 c6 10. Ne4 Nxe4 11. dxe4 Nc5 12. Qc2 f5 13. Nd2 f4 14. Rad1 Qe7 15.
b4 Ne6 16. Nf3 c5 17. bxc5 Nxc5 18. Rd2 Bd7 19. Ba3 Bc6 20. Bxc5 dxc5 21. Rfd1
Rad8 22. Bh3 Rxd2 23. Rxd2 Bf6 24. Rd1 Kg7 25. Ne1 Rd8 26. Rxd8 Qxd8 27. Be6 Qd4
28. Bd5 Bxd5 29. exd5 e4 30. Kg2 fxg3 31. hxg3 Qa1 32. Qa4 Qxe1 33. Qd7+ Kh6 34.
Qh3+ Kg7 35. Qd7+ Kh6 36. Qh3+ Kg7 37. Qd7+ 1/2-1/2

[Event "Champions Showdown G5"]
[Site "Saint Louis USA"]
[Date "2017.11.12"]
[Round "9.3"]
[White "So, Wesley"]
[Black "Dominguez Perez, Leinier"]
[Result "1-0"]
[WhiteTitle "GM"]
[BlackTitle "GM"]
[WhiteElo "2788"]
[BlackElo "2739"]
[WhiteFideId "5202213"]
[BlackFideId "3503240"]
[EventDate "2017.11.12"]

1. d4 d5 2. Nf3 Nf6 3. Bf4 e6 4. e3 c5 5. Nbd2 Nc6 6. c3 Be7 7. h3 Bd6 8. Bxd6
Qxd6 9. Bb5 O-O 10. O-O Ne7 11. Bd3 Nc6 12. Bb5 Ne7 13. Bd3 Nc6 14. Re1 b6 15.
e4 dxe4 16. Nxe4 Nxe4 17. Bxe4 Bb7 18. dxc5 Qxc5 19. Qd7 Rab8 20. Rad1 Ba8 21.
Qc7 Rbc8 22. Qf4 h6 23. Rd7 a5 24. Red1 Nb8 25. R7d6 Bxe4 26. Qxe4 Nc6 27. h4 b5
28. g4 Ne7 29. Ne5 Nd5 30. Ra6 b4 31. c4 Nf6 32. Qe2 Rcd8 33. Rxd8 Rxd8 34. g5
hxg5 35. hxg5 Nd7 36. Nf3 Nf8 37. Qe4 Ng6 38. Rc6 Qe7 39. c5 Rd5 40. Rc8+ Kh7
41. Qg4 Nf8 42. c6 Rc5 43. g6+ fxg6 44. Kg2 Qf6 45. c7 Qe7 46. Qh3+ Kg8 47.
Rxf8+ Kxf8 48. c8=Q+ Rxc8 49. Qh8+ Kf7 50. Qxc8 Qf6 51. Qc7+ Kg8 52. Qxa5 Qxb2
53. Qd8+ Kh7 54. Ng5+ Kh6 55. Nf7+ 1-0

[Event "Champions Showdown G5"]
[Site "Saint Louis USA"]
[Date "2017.11.12"]
[Round "10.2"]
[White "Grischuk, Alexander"]
[Black "Caruana, Fabiano"]
[Result "0-1"]
[WhiteTitle "GM"]
[BlackTitle "GM"]
[WhiteElo "2782"]
[BlackElo "2799"]
[WhiteFideId "4126025"]
[BlackFideId "2020009"]
[EventDate "2017.11.12"]

1. c4 e5 2. d3 Nf6 3. Nf3 Nc6 4. a3 a5 5. e3 d5 6. cxd5 Nxd5 7. Be2 Be7 8. O-O
O-O 9. Qc2 Be6 10. b3 f5 11. Bb2 Bf6 12. Nbd2 Qe7 13. Rac1 Kh8 14. Rfe1 Rad8 15.
Bf1 Nb6 16. Qb1 Bg8 17. e4 f4 18. Qc2 g5 19. h3 h5 20. Qc5 Qg7 21. d4 g4 22.
hxg4 hxg4 23. Nxe5 Bxe5 24. dxe5 Rxd2 25. Bc3 Nd7 26. Qb5 Rd4 27. e6 Nde5 28. e7
Qxe7 29. Rcd1 Rxd1 30. Rxd1 g3 31. Be2 Kh7 32. Bf3 b6 33. Kf1 gxf2 34. Kxf2 Qc5+
35. Qxc5 bxc5 36. Rh1+ Kg6 37. Bh5+ Kg5 38. Be2 Bf7 39. Rh7 Nd4 40. Bf1 Ng4+ 41.
Ke1 Nf6 42. Rh3 Nxe4 43. Bxa5 Ng3 44. Bd3 Re8+ 45. Kd2 Nxb3+ 0-1

[Event "Champions Showdown G5"]
[Site "Saint Louis USA"]
[Date "2017.11.12"]
[Round "10.3"]
[White "Dominguez Perez, Leinier"]
[Black "So, Wesley"]
[Result "1/2-1/2"]
[WhiteTitle "GM"]
[BlackTitle "GM"]
[WhiteElo "2739"]
[BlackElo "2788"]
[WhiteFideId "3503240"]
[BlackFideId "5202213"]
[EventDate "2017.11.12"]

1. e4 c6 2. d4 d5 3. e5 Bf5 4. Nf3 e6 5. Be2 c5 6. Be3 cxd4 7. Nxd4 Ne7 8. Nd2
Nbc6 9. N2f3 Bg4 10. O-O g6 11. h3 Bxf3 12. Nxf3 Bg7 13. Bf4 O-O 14. c3 Qc7 15.
Re1 Nxe5 16. Kh1 f6 17. Nd4 Qc8 18. Bf1 N7c6 19. Qe2 Re8 20. Nxc6 bxc6 21. Rad1
a5 22. Bg3 a4 23. Qc2 Qb7 24. b3 axb3 25. axb3 Nf7 26. c4 e5 27. Be2 d4 28. c5
f5 29. Bc4 Kh8 30. f3 Ng5 31. Bh4 Nf7 32. Re2 Qd7 33. Bg3 Ng5 34. Bh4 Ne6 35. b4
Nf4 36. Ree1 Nd5 37. Qb3 Rab8 38. b5 Nf4 39. b6 e4 40. fxe4 fxe4 41. Bg3 Nxh3
42. Bxb8 Nf2+ 43. Kg1 Nxd1 44. Bd6 Ne3 45. b7 Nxc4 46. b8=Q d3 47. Qxe8+ Qxe8
48. Qxc4 d2 49. Rd1 e3 50. Qe2 Qe4 51. Bc7 h5 52. Ba5 Bd4 53. g3 Qg4 54. Kf1
Qh3+ 55. Kg1 Qxg3+ 56. Kf1 Qh3+ 57. Kg1 Qg3+ 58. Kf1 Qh3+ 59. Kg1 Qg3+ 1/2-1/2